000 00284nam a22001337a 4500
008 170411b xxu||||| |||| 00| 0 eng d
020 _a9780072921632
041 _aeng
080 _26TH
_a612.39
100 _a10
101 _aSHM
245 _aNUTRITION
_cWARDLAW
942 _2udc
_cBK
999 _c10450
_d10450